Sổ tay tra cứu IC CD/ VCD/ MP3...

Đã lưu trong:
书目详细资料
主要作者: Phạm, Đình Bảo
格式: 图书
语言:Undetermined
出版: Hà Nội Khoa học Kỹ thuật 2003
主题:
标签: 添加标签
没有标签, 成为第一个标记此记录!
Thư viện lưu trữ: Trung tâm Học liệu Trường Đại học Cần Thơ
LEADER 00544nam a2200193Ia 4500
001 CTU_92395
008 210402s9999 xx 000 0 und d
020 |c 40000 
082 |a 621.389334 
082 |b B108/T.4 
100 |a Phạm, Đình Bảo 
245 0 |a Sổ tay tra cứu IC CD/ VCD/ MP3... 
245 0 |c Phạm Đình Bảo 
260 |a Hà Nội 
260 |b Khoa học Kỹ thuật 
260 |c 2003 
650 |a Streophonic systems 
904 |i Mai Loan 
980 |a Trung tâm Học liệu Trường Đại học Cần Thơ